Normal view
MARC view
Entry Topical Term
001 - CONTROL NUMBER
- control field: 21391
003 - CONTROL NUMBER IDENTIFIER
- control field: dpl
005 - DATE AND TIME OF LATEST TRANSACTION
- control field: 20100924120610.0
008 - FIXED-LENGTH DATA ELEMENTS
- fixed length control field: 100924|||a|||||| | ||| d
040 ## - CATALOGING SOURCE
- Original cataloging agency: dpl
- Transcribing agency: dpl
150 ## - HEADING--TOPICAL TERM
- Topical term or geographic name as entry element: धर्म शिक्षा
670 ## - SOURCE DATA FOUND
- Source citation: Work cat.: (dpl)36536: शर्मा, राकेश कुमार 21390, ज्ञान के श्रेष्ठ मोती /, 2009
670 ## - SOURCE DATA FOUND
- Source citation: Work cat.: (dpl)36536: शर्मा, राकेश कुमार 21390, ज्ञान के श्रेष्ठ मोती /, 2009
